Statistics for 5SOS YOUNGBLOOD ALBUM LYRICS

Click here to take the quiz!

General Stats

  • This quiz has been taken 337 times
  • The average score is 12 of 14

Answer Stats

HintAnswer% Correct
im just a dead man walking tonightyoungblood
97%
cleaning up today found that old Zeppelin shirtghost of you
95%
flashing back ti New York City changing flights so you stay with melie to me
95%
is it tears or just the fucking rainwant you back
95%
so deep your DNA's being messed with my touchValentine
94%
if me and you are living in the same place why do we feel alonemore
91%
i know im the stupid one who ended itmoving along
89%
stop trying so hard is what you said to meempty wallets
88%
its all rude a cold june were not immunebabylon
87%
a moment give me a second thats alltalk fast
84%
few drinks deep at a table for one the place you liked to gowhy wont you love me
81%
dont let the glass go to waste oh your the queen but no crownif walls could talk
79%
fell hard from the highest of heightsbetter man
76%
when its physical i cant keep track of daysmeet you there
70%

Score Distribution

Percentile by Number Answered

Percent of People with Each Score

Your Score History

You have not taken this quiz